01017cam a2200301 450000100060000000300080000600500170001400800390003102000150007003500190008504000320010404100080013606000220014408200240016624500630019026000400025330000360029350400410032965000250037065000270039565000380042265000300046065000220049070000260051294200120053899900170055095201480056712545BD-RjUL20211208235319.0140129s1974 nyua b 001 0 eng a012147660X a(BD-RjUL)12594 aDLCcDLCdDLCdBD-RjULbeng aeng aQZ200 B977ma 197300a616.99407bMOL 197414aThe molecular biology of cancer /cEdited by Harris Busch. aNew York :bAcademic Press,cc1974. axvi, 638 p. :billus. ;c24 cm. aIncludes bibliographies and indexes. 0aCancer cells.939069 0aCarcinogenesis.939070 0aCancerxMolecular aspects.939071 2aMolecular biology.939072 2aNeoplasms.9390731 aBusch, Harris.939074 2ddccBK c12545d12545 00102ddc40718NFICaRUCLbRUCLcReadingd1979-08-14eHeffer and Sonsg28.25l0o616.99407 MOL 1974r2014-01-29 00:00:00tC-1w2014-01-29yBK